European Cities by One Word Hints - Statistics

General Stats
  • This quiz has been taken 13 times
  • The average score is 15 of 20
Answer Stats
Hint Answer % Correct
Wall Berlin
100%
Guiness Dublin
100%
Oktoberfest Munich
100%
Pizza Naples
100%
Colosseum Rome
100%
Parthenon Athens
92%
Beatles Liverpool
92%
Gondola Venice
92%
Schnitzel Vienna
92%
Titanic Belfast
85%
Pact Warsaw
85%
GrandPrix Monaco
77%
Kafka Prague
77%
Gaudi Barcelona
62%
NATO Brussels
62%
Reeperbahn Hamburg
62%
Hermitage St. Petersburg
54%
Diamonds Antwerp
46%
Vasa Stockholm
38%
Gracht Amsterdam
23%
No matching quizzes found
Score Distribution
Percent of People with Each Score
Percentile by Number Answered
Your Score History
You have not taken this quiz